02186cam a22004574i 4500003000900000005001700009008004100026020001500067035002700082040003300109049000900142082002000151110006600171245018900237264005600426300005500482336002100537337002500558338002300583500007800606504002800684505025800712526000900970526000900979526000800988526000800996526000801004600004601012600004501058600004301103650003501146650003201181650004701213700003901260700002001299942001401319949013601333999001701469980005501486952018701541PE-LiUPU20250731183422.0150625s r 000 0 d a9972726061 a(Sirsi) i9789972726064 aPE-LiUPUbspacPE-LiUPUerda aPRUA04a759.985bM92212 aLima. bMunicipalidad. bPinacoteca Municipal Ignacio Merino.00aAcuarelas de Pancho Fierro y seguidores :bcolección Ricardo Palma /c[investigación histórica y estudio introductorio, Francisco Stastny Mosberg ; fotografías, Yutaka Yoshii]. 1aLima :bEDILIBROS,c2007(Lima : Editora Argentina). a394 páginas :bilustraciones ;c32 centímetros atext2rdacontent aunmediated2rdamedia avolume2rdacarrier aManuscritos de Ricardo Palma: transcripción de comentarios.--322-378 p. aIncluye bibliografía.0 aLa biografía. -Retratos. -El ambiente artístico y la formación profesional. -Los orígenes del costumbrismo de Pancho Fierro. -Viajes científicos y un obispo ilustrado. -Pintores itinerantes. -La vida profesional de un artista negro. - La obra. aP158 aP146 aP17 aP12 aP0608aFierro, Pancho,d1807-1879vExposiciones.08aFierro, Pancho,d1807-1879vBiografía.08aPalma, Ricardo.d1833-1919vDocumentos18aAcuarelas peruanasySiglo XIX.18aPintura peruanaySiglo XIX.28aPintoreszPerúySiglo XIXvExposiciones.1 aStastny Mosberg, Francisco,d1933-1 aYoshii, Yutaka. 2ddccBOOK a759.985 M9wDEWEYc1i58730lCCODEBUL1mBULp35.00r0sYtBOOKu2015-6-25xINGENIERIAzUNKNOWN0COMPRAo.STAFF. Colección General c47604d47604 81gALBERTO SANCHEZ Responsable de Automatización r2025-12-02 00:00:00i8l1o759.985 M9p58730s2022-10-17te1v40.00w2015-06-25xFACIHEDyBKzinventario-2023-12-13102ddc50708GENfP17aBULbBULcLGRAd2015-06-25eCOMPRAg35.00